Normal view
MARC view
- Supervisor : Prof Dr Riaz Ahmed
Entry Personal Name
001 - CONTROL NUMBER
- control field: 119880
003 - CONTROL NUMBER IDENTIFIER
- control field: NUST
005 - DATE AND TIME OF LATEST TRANSACTION
- control field: 20240116145707.0
008 - FIXED-LENGTH DATA ELEMENTS
- fixed length control field: 240116|| aca||aabn | a|a d
040 ## - CATALOGING SOURCE
- Original cataloging agency: NUST
- Transcribing agency: NUST
100 ## - HEADING--PERSONAL NAME
- Personal name: Supervisor : Prof Dr Riaz Ahmed
670 ## - SOURCE DATA FOUND
- Source citation: Work cat.: (NUST)607406: Ahmed, Abrar 17157, Strategic Design of Multi Echelon Distribution Network /
